Sermones del ilustrísimo señor D. Juan Bautista Massillon : tomo XI : compendio de la obra /
Na minha lista:
| Autor principal: | |
|---|---|
| Outros Autores: | |
| Formato: | Livro |
| Idioma: | espanhol |
| Assuntos: | |
| Tags: |
Sem tags, seja o primeiro a adicionar uma tag!
|
MARC
| LEADER | 00000nam^a2200000^a^4500 | ||
|---|---|---|---|
| 001 | 000380081 | ||
| 005 | 20250526000000.0 | ||
| 009 | 20260310120544.779 | ||
| 037 | |a Acervo Xavier Clavigero | ||
| 041 | |a ESP | ||
| 082 | |a 252. |b MAS V. 11 | ||
| 100 | |a Massillon, Jean Baptiste |e (autor) | ||
| 240 | 1 | 1 | |a [Sermones, de Jean Baptiste Massillon] |
| 245 | 1 | 0 | |a Sermones del ilustrísimo señor D. Juan Bautista Massillon : |b tomo XI : compendio de la obra / |c J.B. Massillon ; tr. por P. Díaz de Guereñu. |
| 264 | |a Madrid, España : |b Imprenta de Pedro Marín, |c 1778 | ||
| 300 | |a 312 p. ; |c 21.0 cm. | ||
| 336 | |a texto |b txt |2 rdacontenido | ||
| 337 | |a sin mediación |b n |2 rdamedio | ||
| 338 | |a volumen |b nc |2 rdasoporte | ||
| 501 | |a Encuadernación particular | ||
| 545 | 0 | |a Jean Baptiste Massillon (1663-1742), ministro religioso francés, se desempeñó como obispo de Clermont aunque se le reconoce por lo persuasivo de sus sermones y sus habilidades como predicador. Después de haber estudiado en el Oratorio francés, se le encomendó realizar los discursos fúnebres de la orden, actividad que le adquirió gran reputación. Se le llamó a la corte de Versalles en 1699, en donde logró la estima del rey y de otros distinguidos oradores como Jacques-Bénigne Bossuet, aunque las acusaciones sobre su afiliación al jansenismo le resultaron conflictivos. Sus sermones, así como sus discursos sinodales y sus conferencias eclesiásticas, se caracterizan por su calidez, por la manera poética de abordar los asuntos religiosos no desde los dogmas teológicos sino desde la moral y los sentimientos. Entre sus sermones más relevantes están las Oraciones fúnebres que recitó a la muerte de Luis XIV, así como la compilación denominada La petit Carême, o La pequeña Cuaresma, la cual está dirigida a la enseñanza del joven rey Luis XV. Conocidos son también sus sermones sobre la parábola del hijo pródigo, sobre la muerte, sobre los misterios cristianos y sobre festividades como el Adviento y la Navidad. Aunque sus oraciones fueron de gran popularidad, no se publicarían sino hasta 1745, años después de su muerte. | |
| 561 | |a Ex libris de Biblioteca Residencia S.J. Guadalajara | ||
| 562 | |a Falta cubierta | ||
| 649 | |a XX | ||
| 650 | |a Sermones Franceses - |x Tema Principal | ||
| 650 | |a Discursos Franceses (Oratoria) | ||
| 650 | |a Predicación - |z Francia | ||
| 650 | |a Oratoria - |z Francia | ||
| 650 | |a Literatura Cristiana - |z Francia | ||
| 650 | |a Literatura Religiosa - |z Francia | ||
| 650 | |a Literatura Francesa - |y Siglo XVIII | ||
| 650 | |a Comunicación (Teología) | ||
| 650 | |a Catolicismo | ||
| 650 | |a Cristianismo | ||
| 650 | |a Religión | ||
| 740 | 0 | |a Compendio de los diferentes pensamientos, que se hallan repartidos en toda la obra del ilustrísimo señor D. Juan Bautista Masillon : |b tomo XI / |c J.B. Massillon ; tr. por P. Díaz de Guereñu. | |
| 700 | |a Díaz de Guereñu, Pedro |e (traducción) | ||
| 910 | |a Fondo General | ||
| 920 | |a Impresos - Libros | ||
| 930 | |a Libros Antiguos y Raros | ||
| 905 | |a 108 | ||
| 901 | |a 0500274885 |b IT2 |c LRA |u 20250526 | ||
| 902 | |a https://opac.biblio.iteso.mx/vufind/Record/000380081 | ||